Updated Top 5 Cities in Mississippi by Population - Statistics

General Stats
  • This quiz has been taken 51 times
  • The average score is 4 of 5
Answer Stats
County City % Correct
Hinds Jackson
100%
Harrison Biloxi
78%
Harrison Gulfport
75%
Forrest Hattiesburg
73%
DeSoto Southaven
53%
No matching quizzes found
Score Distribution
Percent of People with Each Score
Percentile by Number Answered
Your Score History
You have not taken this quiz